| 000 -LEADER |
| fixed length control field |
00659nam a2200229Ia 4500 |
| 001 - CONTROL NUMBER |
| control field |
7852 |
| 003 - CONTROL NUMBER IDENTIFIER |
| control field |
GE_BSU |
| 005 - DATE AND TIME OF LATEST TRANSACTION |
| control field |
20221116110322.0 |
| 008 - FIXED-LENGTH DATA ELEMENTS--GENERAL INFORMATION |
| fixed length control field |
181216s2008en xx |||||||||||||| ||eng|| |
| 020 ## - INTERNATIONAL STANDARD BOOK NUMBER |
| International Standard Book Number |
9783468498411 x |
| 040 ## - CATALOGING SOURCE |
| Transcribing agency |
GE_BSU |
| 041 ## - LANGUAGE CODE |
| Language code of text/sound track or separate title |
ger |
| 080 ## - UNIVERSAL DECIMAL CLASSIFICATION NUMBER |
| Universal Decimal Classification number |
330(430) R-55 |
| 100 ## - MAIN ENTRY--PERSONAL NAME |
| Personal name |
Reigler-Poyet, Margarete |
| 9 (RLIN) |
14834 |
| 245 ## - TITLE STATEMENT |
| Title |
Das Testbuch Wirtschaftsdeutsch : |
| Remainder of title |
Deutsch als Fremdsprache in der Wirtschaft / |
| Statement of responsibility, etc. |
Poyet, Margarete Reigler. |
| 264 ## - PRODUCTION, PUBLICATION, DISTRIBUTION, MANUFACTURE, AND COPYRIGHT NOTICE |
| Place of production, publication, distribution, manufacture |
Berlin : |
| Name of producer, publisher, distributor, manufacturer |
Landgencheidt, |
| Date of production, publication, distribution, manufacture, or copyright notice |
2008 |
| 300 ## - PHYSICAL DESCRIPTION |
| Extent |
143p.29cm. |
| 300 ## - PHYSICAL DESCRIPTION |
| Accompanying material |
+CD |
| 653 ## - INDEX TERM--UNCONTROLLED |
| keyword |
Das Testbuch Wirtschaftsdeutsch |
| 653 ## - INDEX TERM--UNCONTROLLED |
| keyword |
ეკონომიკა |
| 942 ## - ADDED ENTRY ELEMENTS (KOHA) |
| Koha item type |
წიგნი |
| Source of classification or shelving scheme |
|